Las 100 ciudades más grandes de Cuba en un mapa - Estadísticas

Estadísticas generales
  • Esta prueba ha sido intentada 18 veces
  • La puntuación promedio es 19 de 100
Respuestas en el mapa
Las respuestas están codificadas por una escala verde-roja en el mapa de la prueba según el % correcto abajo.
 
Estadísticas de respuestas
Población Ciudad % Correcto
2.137.847 La Habana
94%
431.272 Santiago de Cuba
75%
287.881 HolguÍn
69%
217.135 Guantánamo
63%
133.769 Matanzas
63%
211.925 Santa Clara
63%
300.958 Camagüey
56%
162.957 Las Tunas
56%
140.230 Pinar del Río
56%
157.027 Bayamo
50%
114.829 Ciego de Ávila
50%
147.110 Cienfuegos
50%
46.264 Nueva Gerona
44%
104.968 Sancti Spíritus
44%
46.574 Artemisa
38%
36.640 San José de las Lajas
38%
88.987 Cárdenas
31%
74.930 Palma Soriano
31%
33.811 San Antonio de los Baños
31%
45.041 Trinidad
31%
47.132 Contramaestre
25%
25.424 Güira de Melena
25%
59.371 Morón
25%
29.119 San Cristóbal
25%
34.997 San Luis
25%
12.675 Santa Marta
25%
16.599 Bejucal
19%
33.683 Caibarién
19%
44.177 Colón
19%
60.310 Moa
19%
12.336 Santa Cruz del Norte
19%
14.984 Alquízar
13%
17.689 Bahía Honda
13%
35.316 Banes
13%
43.062 Baracoa
13%
23.557 Bauta
13%
30.326 Cabaiguán
13%
21.924 Camajuaní
13%
22.828 Colombia
13%
13.389 Cueto
13%
25.031 Cumanayagua
13%
16.121 Gibara
13%
12.479 Guane
13%
40.855 Güines
13%
24.514 Jatibonico
13%
26.319 Jovellanos
13%
13.609 La Fe
13%
23.341 La Maya
13%
98.904 Manzanillo
13%
29.259 Mayarí
13%
38.207 Nuevitas
13%
13.533 Palmira
13%
39.615 Placetas
13%
12.661 Rafael Freyre
13%
37.713 Sagua la Grande
13%
15.846 Santo Domingo
13%
13.142 Yara
13%
17.854 Aguada de Pasajeros
6%
26.141 Amancio
6%
15.125 Bartolomé Masó
6%
12.432 Cacocum
6%
18.611 Campechuela
6%
12.519 Candelaria
6%
16.540 Chaparra
6%
15.785 Ciro Redondo
6%
28.465 Consolación del Sur
6%
19.111 Cruces
6%
14.046 Esmeralda
6%
54.191 Florida
6%
19.347 Fomento
6%
19.238 Guáimaro
6%
22.839 Guanajay
6%
21.849 Guisa
6%
28.870 Jagüey Grande
6%
22.333 Jiguaní
6%
20.309 Jobabo
6%
17.195 Los Palacios
6%
14.853 Manatí
6%
22.266 Manicaragua
6%
17.271 Mariel
6%
12.707 Mayarí Arriba
6%
16.117 Media Luna
6%
15.415 Minas
6%
19.594 Nicaro-Levisa
6%
24.244 Niquero
6%
13.949 Pedro Betancourt
6%
12.607 Perico
6%
13.395 Pilón
6%
34.086 Puerto Padre
6%
16.043 Ranchuelo
6%
18.637 Remedios
6%
14.525 Río Cauto
6%
23.979 Sagua de Tánamo
6%
24.084 San Germán
6%
12.759 San Juan y Martínez
6%
12.830 San Nicolás de Bari
6%
16.569 Santa Cruz del Sur
6%
12.807 Velasco
6%
28.890 Vertientes
6%
12.974 Dos Caminos de San Luis
0%
No se encontraron pruebas coincidentes
Distribución de puntuación
Porcentaje de gente con cada puntuación
Porcentaje por número respondido
Historial de tus puntuaciones
No has intentado esta prueba.